| 000 | 00349nam a22001457a 4500 | ||
|---|---|---|---|
| 003 | SGT | ||
| 020 | _a9788181914859 | ||
| 082 |
_a616.0757 _bT18S |
||
| 100 | _aShivhare, Peeyush | ||
| 245 | _aTextbook of Oral Radiology & Oral Medicine | ||
| 250 | _a1st ed. | ||
| 260 |
_aNew Delhi, India _bArya Pub. Co. _c2011 |
||
| 300 | _a924 | ||
| 942 |
_2ddc _cBK |
||
| 999 |
_c26996 _d26996 |
||